Регионална библиотека "Любен Каравелов" - Русе

Авторско право. Договори (Запис номер 136868)

MARC детайли
000 -Лидер
Контролно поле с фиксирана дължина 01687nam a2200421 c 4500
003 - Код на организацията, давaща контролен номер
Контролно поле BLK
005 - Дата и час на последна редакция
Контролно поле 20180420232848.0
008 - Елементи от данни с фиксирана дължина
fixed length control field 180409b bul|||||r ||||||| ||bul||
010 ## - Наследен системен номер
LC control number KNG00142825000
020 ## - Международен стандартен номер на книга ISBN
Международен стандартен номер на книга ISBN 978-954-28-1054-4
-- издат.: Сиела Норма
040 ## - Източник на каталожния запис
Идентификатор на билиотеката - собственик на записа BLK
041 ## - Код за език
Код за езика на текст/звукозапис или на отделно заглавие Български
Код за езика КДБФ Български
072 #7 - Код за тематичната категория
Код организация bullib
Код за тематична категория Н34
Текст Право Н
080 ## - УДК
Текстов определител УДК Авторско право в областта на изкуството и литературата
УДК код - определител по УДК 347.78
УДК определител (497.2)
УДК - код + определител 347.78(497.2)
080 ## - УДК
Текстов определител УДК Други въпроси на изд. дело и книготърговията
УДК код - определител по УДК 655.5
УДК определител .000.34(075.8)
УДК - код + определител 655.5.000.34(075.8)
100 1# - Редна дума - Автор
Автор Манчев, Ангел Стефанов
Авторска отговорност първи автор
R(LIN) 325579
139 ## - Редно поле
Редна дума Манчев, Ангел Стефанов
Авторски знак Мант - М 28
245 10 - Сведения за заглавието
Заглавие Авторско право. Договори
Редно поле (дума) Ангел Стефанов Манчев.
257 ## - Страна на издаване
Страна на създаване/издаване България
260 ## - Област на издателските данни
-- София
Име на издателя, разпространителя и проч. Сиела Норма
Година на издаване 2012
300 ## - Физическа характеристика
Страници 264 с.
Размери/Мащаб 21 см
380 ## - Жанр
Жанр Обществени науки
490 1# - СЕРИИ (Колекции)
Име на серия Издателско право
500 ## - Общи забележки
Забележка Рез. на англ., рус. ез.
650 #4 - Допълнително описание по предмет – тема
Основно описание – тема или топоним Авторско право - България
9 (RLIN) 260593
650 #4 - Допълнително описание по предмет – тема
Основно описание – тема или топоним Договори - България
9 (RLIN) 258795
650 #4 - Допълнително описание по предмет – тема
Основно описание – тема или топоним Издателско дело - България - правни проблеми
9 (RLIN) 325580
651 #4 - Допълнително описание по предмет - топоним
Географско понятие България
9 (RLIN) 241624
653 ## - Ключова дума – ненормативна
Ключова дума авторско право
653 ## - Ключова дума – ненормативна
Ключова дума издателско дело
653 ## - Ключова дума – ненормативна
Ключова дума договори
659 ## - Тематичен бюлетин
Тематичен бюлетин Н
852 ## - Местоположение
Форматна сигнатура Цб 259412
856 4# - Електронен адрес и достъп
Електронен формат pdf - файл
Път до файла /url/
856 4# - Електронен адрес и достъп
Електронен формат pdf - файл
Път до файла /url/
942 ## - АРТИКУЛИ
Вид на библиотечния материал Книги
Скрит в OPAC Не
944 ## - СЪЗДАВАНЕ И РЕДАКЦИЯ на ЗАПИСА
Създаване/Редакция Създаване
Дата на регистрацията/редакция 17.05.2013
Статус, дата на статуса ф /
Служител, извършил регистрацията/редакцията Людмила_Стоянова
944 ## - СЪЗДАВАНЕ И РЕДАКЦИЯ на ЗАПИСА
Създаване/Редакция Редакция
Дата на регистрацията/редакция 21.06.2013
Статус, дата на статуса ф /
Служител, извършил регистрацията/редакцията
999 ## - СИСТЕМНИ КОНТРОЛНИ НОМЕРА
Koha biblionumber 136868
Koha biblioitemnumber 136868
Наличности
Код за отписване Код за изгубен артикул Код за повреда Коз за рестрикции Код за отдаване Артикулен № Име на библиотеката - собственик Име на библиотеката, в която се намира в момента Статус (Текущо местоположение) Дата на вписване в системата Местоположение - отдел Цена в лева Инвентарен номер Систематично азбучна сигнатура Баркод Номер на екземпляра Цена в евро Служебна бележка Служебен тип на артикула
  Не е изгубен Не е повреден без рестрикции ползва се в читалня 223870 Регионална библиотека "Любен Каравелов" Русе Регионална библиотека "Любен Каравелов" Русе Читалня 2013-05-21 Читалня 17.00 120000766026 Ч 347/М 28 120000766026 1 8.69 Дост: DA Вид: А N: 6 Дата: 21.05.2013 Дата инв: 16.03.2017 Бележки инв: Ч2017 Книги
Vip Innovations Ltd, Rousse, Bulgaria 2025